• 首页
  • 本馆介绍
  • 公告通知
  • 最新文献
  • 馆藏检索
  • 电子资源
  • 读者导购
  • 参考咨询
  • 我的图书馆
  • 登录
  • 详细信息显示
  • 放入我的书架
  • 预约/预借图书
  • 作者相关作品
  • 分类相关作品
  • 丛书相关作品
  • 出版社相关作品

书目信息

  • 表格格式
  • 工作单格式
  • 卡片格式
题名:
未来10年中国学科发展战略
    
 
作者: ;国家自然科学基金委员会 , 中国科学院 编
分册:   生物学
出版信息: 北京   科学出版社  2012
页数: 33,393页
开本: 24cm
丛书名: 国家科学思想库
单 册:
中图分类: N12 , Q-12
科图分类:
主题词: 发展战略 , 科学技术 , 科学技术--学科发展--发展战略--中国--2011-2020 , 学科发展 , 生物学 , 生物学--学科发展--发展战略--中国--2011-2020
电子资源:
ISBN: 978-7-03-032308-8
000 01356nam0 2200337 45
001 1355716593
005 20130515172229.89
010    @a978-7-03-032308-8@dCNY72.00
100    @a20130108d2012 em y0chiy50 ea
101 0  @achi@deng
102    @aCN@b110000
105    @ay z 000yy
106    @ar
200 1  @a未来10年中国学科发展战略@AWei Lai 10 Nian Zhong Guo Xue Ke Fa Zhan Zhan Lue@i生物学@ISheng Wu Xue@f国家自然科学基金委员会,中国科学院[编]@FGuo Jia Zi Ran Ke Xue Ji Jin Wei Yuan Hui, Zhong Guo Ke Xue Yuan [ Bian ]
210    @a北京@c科学出版社@d2012
215    @a33,393页@d24cm
225 2  @a国家科学思想库@i学术引领系列
330    @a本书总结了近年来生物学的研究现状和研究动态,分析了学科发展态势,从学科的发展规律和研究特点出发,前瞻性地思考了学科的整体布局,提出了生物学的重要科学问题、前沿方向及我国发展该领域的政策措施等内容。
461  0 @12001 @a国家科学思想库
606 0  @a发展战略
606 0  @a科学技术
606 0  @a科学技术@x学科发展@x发展战略@y中国@z2011-2020
606 0  @a学科发展
606 0  @a生物学
606 0  @a生物学@x学科发展@x发展战略@y中国@z2011-2020
690    @aN12@v5
690    @aQ-12@v5
711 02 @a国家自然科学基金委员会@AGuo Jia Zi Ran Ke Xue Ji Jin Wei Yuan Hui@4编
711 02 @a中国科学院@AZhong Guo Ke Xue Yuan@4编
801    @aCN@bTANGWEI@c20130112
905    @b0831940-44@dN12@e92@f5
    
    未来10年中国学科发展战略.生物学/国家自然科学基金委员会,中国科学院[编].-北京:科学出版社,2012
    33,393页;24cm.-(国家科学思想库.学术引领系列)
    
    
    ISBN 978-7-03-032308-8:CNY72.00
    本书总结了近年来生物学的研究现状和研究动态,分析了学科发展态势,从学科的发展规律和研究特点出发,前瞻性地思考了学科的整体布局,提出了生物学的重要科学问题、前沿方向及我国发展该领域的政策措施等内容。
●
相关链接 在E读中查询图书 在五车中查询图书 在当当中查询图书 在豆瓣中查询图书


正题名:未来10年中国学科发展战略     索取号:N12/92         预约/预借

序号 登录号 条形码 馆藏地/架位号 状态 备注
1 0831940   208319407   第二样本阅览室/ [索取号:N12/92] 在馆    
2 0831941   208319416   第三借阅区/ [索取号:N12/92] 在馆    
3 0831942   208319425   第三借阅区/ [索取号:N12/92] 在馆    
4 0831943   208319434   第三借阅区/ [索取号:N12/92] 在馆    
5 0831944   208319443   第三借阅区/ [索取号:N12/92] 在馆    
唐山师范学院图书馆 欢迎您!
大连网信软件有限公司© 版权所有